| 000 | 00522nam a2200145Ia 4500 | ||
|---|---|---|---|
| 008 | 100122s9999 xx 000 0 und d | ||
| 082 |
_b32170 _a823.09 |
||
| 100 | _aफडके ना सी | ||
| 245 | _aमी आणि माझ्या कादंबऱ्या | ||
| 260 |
_bपं.अ.कुलकर्णी _c1976 |
||
| 300 | _a204 | ||
| 630 | _aमी आणि माझ्या कादंबऱ्या | ||
| 730 | _aमी आणि माझ्या कादंबऱ्या | ||
| 942 | _cBOOK | ||
| 999 |
_c416629 _d416626 |
||